000 00307cam a22001217a 4500
008 180718b1961 xxu||||| |||| 00| 0 eng d
082 _aB234x54 Sa48
100 _aSampurnand
245 _aIndian socialism
_cby Sampurnand
260 _aBombay
_bAsia
_c1961
300 _ax, 131p
650 _aSocialism --India.
999 _c420459
_d420459